00499nam a22001457a 450000500170000000800410001702000290005804100130008708200130010010000270011324500970014026000570023730000340029465000250032820240118080845.0240118b |||||||| |||| 00| 0 eng d a0409003301 ; 0409003484  aEnglish  a349 JOU  aJoubert, WA lEnglish  aThe Law of South Africa : Emotional Shock to Explosives, Arms and Ammunition / cWA Joubert  aDurban : bButterworth and Company (Pty) Ltd, c1979 bviii, 524 pages ; c26,5 cm.  aLegal practice bLaw